PEDAGOGIA SISTEMATICA /

TRADUCCION DE: SYSTEM DER PADAGOGIK

Збережено в:
Бібліографічні деталі
Автор: Gottler, Josef (autor)
Формат: Книга
Серія:BIBLIOTECA HERDER; 30
Предмети:
Теги: Додати тег
Немає тегів, Будьте першим, хто поставить тег для цього запису!

MARC

LEADER 00000nam^a2200000^a^4500
001 000232051
005 20250521000000.0
009 20260310104545.778
035 |a 054310 
037 |a Acervo Xavier Clavigero 
082 |a 370.  |b GOT 
100 |a Gottler, Josef  |e (autor) 
245 1 0 |a PEDAGOGIA SISTEMATICA /  |c JOSEF GOTTLER ; TR. MONS. JUAN TUSQUETS 
264 |a BARCELONA :  |b HERDER,  |c 1955 
300 |a 441p. 
336 |a texto  |b txt  |2 rdacontenido 
337 |a sin mediación  |b n  |2 rdamedio 
338 |a volumen  |b nc  |2 rdasoporte 
440 |a BIBLIOTECA HERDER;  |v 30 
520 |a TRADUCCION DE: SYSTEM DER PADAGOGIK 
649 |a XX 
650 |a Educación 
910 |a Fondo General 
920 |a Impresos - Libros 
930 |a Colección General 
905 |a 101 
901 |a 054310  |b IT1  |c ACC  |i 054310  |u 20250521 
902 |a https://opac.biblio.iteso.mx/vufind/Record/000232051